Rozpoznasz reprezentantki Polski w siatkówce w XXI w.? - Statystyki

Ogólne statystyki
  • Ten quiz został rozwiązany 11 razy
  • Średni wynik to 10 z 16
Statystyki odpowiedzi
Obrazkowy Odpowiedź % Poprawnych
Katarzyna Skowrońska-Dolata
100%
Małgorzata Glinka-Mogentale
100%
Agata Mróz-Olszewska
91%
Dorota Świeniewicz-Brandt
82%
Magdalena Śliwa
82%
Agnieszka Bednarek-Kasza
64%
Izabela Bełcik
64%
Anna Werblińska
55%
Katarzyna Skorupa
55%
Maria Liktoras
55%
Milena Sadurek
55%
Aleksandra Jagieło
45%
Małgorzata Niemczyk
45%
Mariola Zenik
45%
Milena Rosner
45%
Sylwia Pycia
18%
Nie znaleziono quizów pasujących do podanych kryteriów
Rozkład punktacji
Procent ludzi z każdym wynikiem
Percentyl według liczby udzielonych odpowiedzi
Twoja historia wyników
Nie rozwiązałeś tego quizu